[Event "V Festival Magistrale"]
[Site "Porto San Giorgio ITA"]
[Date "1993.08.??"]
[Round "?"]
[White "Lanni, Emanuele"]
[Black "Sarno, Spartaco"]
[Result "0-1"]
[WhiteElo "1960"]
[BlackElo "2390"]
[PlyCount "70"]
[EventDate "1993.08.21"]

1. e4 d6 2. Nc3 g6 3. g3 Bg7 4. Bg2 c5 5. d3 Nc6 6. f4 e6 7. Nf3 Nge7 8. O-O
O-O 9. Be3 Nd4 10. e5 Qb6 11. Rb1 Nef5 12. Bf2 Nxf3+ 13. Qxf3 Nd4 14. Qd1 dxe5
15. fxe5 Bxe5 16. Ne4 f5 17. c3 fxe4 18. cxd4 cxd4 19. Bxe4 Bg7 20. Qe2 e5 21.
g4 Be6 22. b3 Bh6 23. Bg3 Be3+ 24. Kh1 Qc7 25. Qg2 Rxf1+ 26. Rxf1 Rf8 27. Rxf8+
Kxf8 28. Qf3+ Kg7 29. Bxb7 Qc1+ 30. Kg2 Qg1+ 31. Kh3 h5 32. Bxe5+ Kh7 33. Kh4
g5+ 34. Kxh5 Qxg4+ 35. Qxg4 Bf7# 0-1

[Event "V Festival Magistrale"]
[Site "Porto San Giorgio ITA"]
[Date "1993.08.??"]
[Round "?"]
[White "Malek, Dellair"]
[Black "Verrascina, Roberto"]
[WhiteElo "2165"]
[BlackElo "2225"]
[Result "1/2-1/2"]
[PlyCount "85"]
[EventDate "1993.08.21"]

1. e4 Nc6 2. d4 e5 3. d5 Nce7 4. Bg5 h6 5. Be3 Ng6 6. g3 Nf6 7. Bg2 b6 8. h4 h5
9. Bg5 Bd6 10. Nd2 Ba6 11. Qf3 Be7 12. Bxf6 Bxf6 13. Ne2 Qe7 14. Nc3 d6 15. Nf1
Nf8 16. Ne3 g6 17. a4 Nd7 18. Na2 Bg7 19. Nb4 Bc8 20. a5 Qf6 21. Qe2 Bh6 22.
Nc4 b5 23. Na3 a6 24. c4 bxc4 25. Nxc4 Nc5 26. Nc6 O-O 27. b4 Nb3 28. Ra3 Nd4
29. Nxd4 exd4 30. O-O Rb8 31. Rb1 Bd7 32. Qc2 Bb5 33. Nb2 Qe7 34. Qd1 Bg7 35.
Nd3 Rfe8 36. Ra2 Rb7 37. Rab2 Ba4 38. Qc1 Bb5 39. Qc2 Qd7 40. Rc1 Reb8 41. Bf1
Ra7 42. f4 f5 43. Bh3 1/2-1/2

[Event "V Festival Magistrale"]
[Site "Porto San Giorgio ITA"]
[Date "1993.08.??"]
[Round "?"]
[White "Quinto, Gianni"]
[Black "Taimanov, Mark E."]
[Result "1-0"]
[WhiteElo "2067"]
[BlackElo "2500"]
[PlyCount "109"]
[EventDate "1993.08.21"]

1. d4 Nf6 2. c4 e6 3. Nf3 Bb4+ 4. Nc3 d6 5. g3 Nc6 6. Bg2 O-O 7. O-O Bxc3 8.
bxc3 Na5 9. Nd2 Rb8 10. e4 b6 11. f4 Ba6 12. e5 Ne8 13. Qa4 Qc8 14. Rb1 Kh8 15.
Ba3 Rg8 16. Bh3 Qb7 17. f5 exf5 18. Rxf5 c5 19. Rbf1 f6 20. e6 Qc6 21. Qxc6
Nxc6 22. Bg2 Ne7 23. R5f2 Rc8 24. Rc1 g5 25. dxc5 dxc5 26. Ne4 f5 27. Nd2 Rd8
28. Re1 Nd6 29. Bd5 Bb7 30. Bb2 g4 31. Nf1 Bxd5 32. cxd5 Nc4 33. Ne3 Nxb2 34.
Rxb2 Nxd5 35. Nxf5 Nc7 36. Nh6 Rde8 37. Nxg8 Kxg8 38. Rbe2 Kg7 39. c4 Re7 40.
Re4 h5 41. Kg2 Kg6 42. h3 gxh3+ 43. Kxh3 Ne8 44. Rd1 Kf5 45. Re2 Ng7 46. Rd7
Kf6 47. Rxe7 Kxe7 48. Kh4 Nf5+ 49. Kg5 Nxg3 50. Re1 h4 51. Kg4 b5 52. cxb5 c4
53. a4 c3 54. a5 c2 55. Rc1 1-0

[Event "V Festival Magistrale"]
[Site "Porto San Giorgio ITA"]
[Date "1993.08.??"]
[Round "?"]
[White "Taimanov, Mark E."]
[Black "Salami, Marco"]
[WhiteElo "2500"]
[BlackElo "2046"]
[Result "0-1"]
[PlyCount "106"]
[EventDate "1993.08.21"]

1. Nf3 f5 2. d3 d6 3. e4 e5 4. Nc3 Nf6 5. g3 Be7 6. Bg2 c6 7. O-O O-O 8. Qe2
Na6 9. h3 Qe8 10. exf5 Bxf5 11. d4 Nb4 12. dxe5 dxe5 13. Qxe5 Nd7 14. Qe2 Nxc2
15. Rb1 Nc5 16. Bg5 Bxg5 17. Qc4+ Qe6 18. Qxc5 Be7 19. Qe5 Qxe5 20. Nxe5 Bc5
21. Rbd1 Rad8 22. Rxd8 Rxd8 23. Rd1 Rxd1+ 24. Nxd1 Be6 25. a3 Bd4 26. Nd3 Bf5
27. Bf1 Be4 28. Be2 b5 29. Kf1 a5 30. Nf4 g5 31. Bd3 Bxd3+ 32. Nxd3 b4 33. axb4
Nxb4 34. Nxb4 axb4 35. Ke2 Kf7 36. b3 Ke6 37. Ne3 Ke5 38. Nc4+ Ke4 39. f3+ Kd5
40. Nd2 Be5 41. Ne4 Kd4 42. Kd2 h6 43. Ke2 c5 44. Kd2 c4 45. bxc4 Kxc4 46. Ke2
Kb3 47. h4 Kc2 48. hxg5 hxg5 49. f4 gxf4 50. gxf4 Bxf4 51. Nc5 Bd6 52. Nd3 b3
53. Ne1+ Kc3 0-1

[Event "V Festival Magistrale"]
[Site "Porto San Giorgio ITA"]
[Date "1993.08.??"]
[Round "6"]
[White "Stornelli, Vincenzo"]
[Black "Pipitone, Antonio"]
[Result "1-0"]
[WhiteElo "2050"]
[BlackElo "1918"]
[PlyCount "73"]
[EventDate "1993.08.21"]

1. d4 Nf6 2. c4 c5 3. Nf3 e6 4. Nc3 d5 5. cxd5 Nxd5 6. e4 Nxc3 7. bxc3 Qa5 8.
Bd2 cxd4 9. cxd4 Bb4 10. Bd3 Nc6 11. O-O Bxd2 12. Nxd2 Nxd4 13. Nc4 Qd8 14. e5
O-O 15. Qh5 g6 16. Qh3 Nc6 17. Rad1 Qe7 18. f4 f6 19. exf6 Rxf6 20. g4 Bd7 21.
Nd2 Raf8 22. Qg3 Qc5+ 23. Kh1 Nb4 24. Be4 Nd5 25. f5 Ne3 26. Qg1 exf5 27. gxf5
Bxf5 28. Rfe1 Bg4 29. Rc1 Qh5 30. Qxe3 Rf2 31. Nf1 Be2 32. Bg2 Rxg2 33. Kxg2
Bf3+ 34. Kg1 Qg4+ 35. Ng3 Qh3 36. Qe6+ Kg7 37. Qxh3 1-0

[Event "V Festival Magistrale"]
[Site "Porto San Giorgio ITA"]
[Date "1993.08.??"]
[Round "7"]
[White "Di Lazzaro, Gabriele"]
[Black "Stornelli, Vincenzo"]
[Result "0-1"]
[WhiteElo "1908"]
[BlackElo "2050"]
[PlyCount "68"]
[EventDate "1993.08.21"]

1. e4 e5 2. Bc4 Nf6 3. Nf3 Nxe4 4. Nc3 Nf6 5. Nxe5 d5 6. Bb3 Be7 7. d4 c6 8.
Be3 O-O 9. Qd2 Be6 10. f3 Nbd7 11. Nd3 b5 12. Ne2 a5 13. c3 Nb6 14. Ne5 Qc8 15.
Nf4 a4 16. Bc2 Nc4 17. Qc1 Re8 18. O-O Nxe3 19. Qxe3 c5 20. Ne2 b4 21. Rac1 c4
22. cxb4 Bxb4 23. Kh1 Qb7 24. g4 Bd6 25. Qc3 Bxe5 26. dxe5 Nxg4 27. Qd4 Nh6 28.
Rg1 Reb8 29. Qh4 Kh8 30. Ng3 Rg8 31. Nh5 Nf5 32. Rxg7 Rxg7 33. Bxf5 Qxb2 34.
Re1 Qg2# 0-1